000 01017nam a2200205Ii 4500
003 JO-AjNU
008 230605s9999||||xx |||||||||||||| ||und||
040 _aJO-AjNU
_bara
_erda
_cJO-AjNU
041 _aara
050 1 4 _aKMM90.5.2009
100 3 _aد ، م,
_eauthor
_923851
245 0 0 _aقانون المالكين والمستأجرين رقم (11) لسنة 1994 والقانون المعدل رقم 30 لسنة 2000 والقانون المعدل رقم 17 لسنة 2009
250 _a(د،ط)
264 3 1 _aالمملكة الاردنية الهاشمية ، د ، ن ،2009
300 _a20ص
336 _atext
_btxt
_2rdacontent
337 _aunmediated
_bn
_2rdamedia
338 _avolume
_bnc
_2rdacarrier
650 4 _aعقود الإيجار (فقه إسلامي)-- عقود الإيجار -- قوانين وتشريعات -- الأردن -- الإجارة (فقه إسلامي) -- المالكين و المستأجرين (فقه إسلامي) -- قوانين وتشريعات -- الأردن
_923852
999 _aA8694
_c12262
_d12262